Associe le footballeur au bon pays ! #2 - Statistiques

Statistiques générales
  • Ce quiz a été pris 158 fois
  • Le résultat moyen est 13 sur 15
Statistiques - réponses
Hint Réponse % Correct
Mohamed Salah Égypte
98%
Jérémy Mathieu France
98%
Cho Yu-min Corée du Sud
97%
Sadio Mané Sénégal
97%
Gonzalo Higuaín Argentine
93%
Thomas Meunier Belgique
91%
Hakim Ziyech Maroc
91%
Granit Xhaka Suisse
89%
Jan Oblak Slovénie
88%
Ryad Boudebouz Algérie
85%
Illya Zabarnyi Ukraine
84%
Jamie Maclaren Australie
82%
Igor Akinfeev Russie
80%
Klaas-Jan Huntelaar Pays-Bas
77%
Paulus Arajuuri Finlande
75%
Aucun quiz correspondant
Distribution des résultats
% des personnes avec chaque résultat
Percentile par nombre de réponses
Votre historique - résultats
Vous n’avez pas pris ce quiz